[Event "Titled Tuesday intern op 16th Apr Late"]
[Site "Chess.com INT"]
[Date "2024.04.16"]
[Round "8"]
[White "Kozak, Adam"]
[Black "Naroditsky, Daniel"]
[Result "0-1"]
[WhiteElo "2610"]
[BlackElo "2619"]
[PlyCount "76"]
[EventDate "2024.04.16"]
[EventType "swiss (blitz)"]
[EventRounds "11"]
[EventCountry "USA"]
[SourceTitle "CB17_2024"]
[SourceDate "2024.04.24"]
[SourceVersion "1"]
[SourceVersionDate "2024.04.24"]
[SourceQuality "1"]

1. e4 Nf6 2. Qe2 e5 3. Nc3 Nc6 4. Nf3 Bc5 5. Na4 Be7 6. d3 d5 7. exd5 Qxd5 8. Nc3 Bb4 9. Bd2 Bxc3 10. Bxc3 0-0 11. Qd2 Re8 12. Be2 Nh5 13. 0-0 Nf4 14. Rfe1 Bg4 15. Bd1 Re6 16. Nh4 Bh3 17. Bf3 Qd8 18. g3 Nd5 19. Be4 g6 20. Nf3 f6 21. Nh4 f5 22. Bh1 Nxc3 23. bxc3 e4 24. Qf4 g5 25. Qe3 gxh4 26. dxe4 Qf6 27. Rab1 Rae8 28. Rxb7 fxe4 29. Rxc7 Ne5 30. Qc5 Rf8 31. Bxe4 Nf3+ 32. Kh1 Nxe1 33. Bxh7+ Kh8 34. Be4 Re5 35. Qd4 Rxe4 36. Qd2 Bg2+ 37. Kg1 Nf3+ 38. Kxg2 Nxd2 0-1

[Event "Titled Tuesday intern op 16th Apr Late"]
[Site "Chess.com INT"]
[Date "2024.04.16"]
[Round "10"]
[White "Naroditsky, Daniel"]
[Black "Demchenko, Anton"]
[Result "1-0"]
[WhiteElo "2619"]
[BlackElo "2609"]
[PlyCount "93"]
[EventDate "2024.04.16"]
[EventType "swiss (blitz)"]
[EventRounds "11"]
[EventCountry "USA"]
[SourceTitle "CB17_2024"]
[SourceDate "2024.04.24"]
[SourceVersion "1"]
[SourceVersionDate "2024.04.24"]
[SourceQuality "1"]

1. e4 e5 2. Nf3 Nc6 3. Bb5 a6 4. Ba4 Nge7 5. Nc3 d6 6. Bb3 Na5 7. d4 Nxb3 8. axb3 Nc6 9. dxe5 dxe5 10. Qxd8+ Kxd8 11. Be3 Be6 12. 0-0-0+ Kc8 13. Nd5 f6 14. Rd2 a5 15. c3 b6 16. Rhd1 Kb7 17. h3 Be7 18. Ng1 Rhe8 19. Ne2 Bf8 20. Ng3 Ne7 21. c4 Nc6 22. Nf5 a4 23. bxa4 Rxa4 24. b3 Ra3 25. Kb2 Rea8 26. Rb1 Na5 27. Kc2 Nc6 28. Kd1 Ra1 29. Rxa1 Rxa1+ 30. Ke2 Rb1 31. Rd3 Rb2+ 32. Kf1 Bxf5 33. exf5 e4 34. Rc3 Bd6 35. c5 Be5 36. Rc1 bxc5 37. Bxc5 Rxb3 38. Bf8 Nd4 39. Bxg7 Nxf5 40. Bxf6 Bxf6 41. Nxf6 Nd6 42. Nd7 c6 43. Nc5+ Kc7 44. Nxb3 Kd7 45. Nd4 Ke7 46. Nxc6+ Ke6 47. Nb4 1-0

[Event "Titled Tuesday intern op 16th Apr Late"]
[Site "Chess.com INT"]
[Date "2024.04.16"]
[Round "2"]
[White "Naroditsky, Daniel"]
[Black "Manukyan, Sargis A"]
[Result "1-0"]
[WhiteElo "2619"]
[BlackElo "2216"]
[PlyCount "111"]
[EventDate "2024.04.16"]
[EventType "swiss (blitz)"]
[EventRounds "11"]
[EventCountry "USA"]
[SourceTitle "CB17_2024"]
[SourceDate "2024.04.24"]
[SourceVersion "1"]
[SourceVersionDate "2024.04.24"]
[SourceQuality "1"]

1. e4 c5 2. c3 d5 3. exd5 Qxd5 4. d4 Nf6 5. Nf3 Bg4 6. Be2 e6 7. h3 Bh5 8. Be3 cxd4 9. cxd4 Nc6 10. Nc3 Qd6 11. Qb3 Be7 12. Qxb7 0-0 13. 0-0 Rfb8 14. Qa6 Rxb2 15. Rac1 Nb4 16. Qa5 Nbd5 17. Rb1 Rab8 18. Nb5 Qb4 19. Qxb4 Rxb4 20. Rxb4 Nxb4 21. a3 Nc2 22. Nxa7 Bxa3 23. Nc6 Re8 24. g4 Nxe3 25. fxe3 Bg6 26. Nfe5 Bf8 27. Nxg6 hxg6 28. Rb1 Nd5 29. Kf2 Rc8 30. Ne5 Bd6 31. Nc4 Be7 32. Rb3 Nf6 33. Kf3 g5 34. e4 g6 35. Ke3 Kg7 36. Rb7 Kf8 37. Bd3 Rd8 38. Ne5 Ne8 39. Nc6 Nd6 40. Nxd8 Bxd8 41. Rd7 Be7 42. e5 Ne8 43. Bb5 Ng7 44. Ke4 f5+ 45. exf6 Bxf6 46. Rb7 Kg8 47. Bc4 Kf8 48. Ra7 Ke8 49. d5 exd5+ 50. Bxd5 Kf8 51. Rf7+ Kg8 52. Rxf6+ Kh7 53. Rf8 Ne6 54. Bxe6 Kg7 55. Rg8+ Kh6 56. Ke5 1-0

[Event "American Cup Blitz"]
[Site "Saint Louis"]
[Date "2024.03.21"]
[Round "1"]
[White "Marjanovic, Annamaria"]
[Black "Naroditsky, Daniel"]
[Result "0-1"]
[WhiteElo "2302"]
[BlackElo "2619"]
[PlyCount "68"]
[EventDate "2024.03.21"]
[EventType "swiss (blitz)"]
[EventRounds "7"]
[EventCountry "USA"]
[SourceTitle "CB13_2024"]
[SourceDate "2024.03.27"]
[SourceVersion "1"]
[SourceVersionDate "2024.03.27"]
[SourceQuality "1"]

1. c4 g6 2. g3 Bg7 3. Bg2 Nf6 4. Nc3 d6 5. d3 0-0 6. Rb1 e5 7. Nf3 Re8 8. 0-0 c6 9. Bg5 h6 10. Bxf6 Bxf6 11. Nd2 a5 12. a3 Be6 13. e4 Nd7 14. b4 axb4 15. axb4 Bg7 16. Qc2 h5 17. b5 h4 18. Ra1 Rxa1 19. Rxa1 Bh6 20. Nf1 Qb6 21. bxc6 bxc6 22. Rb1 Qa7 23. Qa4 Qd4 24. Qc2 Nc5 25. Rd1 Bg4 26. Ne2 Bxe2 27. Qxe2 Rb8 28. Ne3 Rb2 29. Rd2 Rb1+ 30. Bf1 hxg3 31. hxg3 Nb3 32. Rd1 Rb2 33. Qf3 Nd2 34. Qf6 Bxe3 0-1

[Event "Titled Tuesday intern op 12th Mar Late"]
[Site "Chess.com INT"]
[Date "2024.03.12"]
[Round "6"]
[White "Naroditsky, Daniel"]
[Black "Zhigalko, Sergei"]
[Result "1/2-1/2"]
[WhiteElo "2619"]
[BlackElo "2572"]
[PlyCount "104"]
[EventDate "2024.03.12"]
[EventType "swiss (blitz)"]
[EventRounds "11"]
[EventCountry "USA"]
[SourceTitle "CB12_2024"]
[SourceDate "2023.10.01"]
[SourceVersion "1"]
[SourceVersionDate "2023.10.01"]
[SourceQuality "1"]

1. e4 c5 2. c3 d5 3. exd5 Qxd5 4. d4 Nf6 5. Nf3 e6 6. Na3 Nc6 7. Be3 cxd4 8. Nb5 Qd8 9. Nbxd4 Nd5 10. Nxc6 bxc6 11. Ne5 Qc7 12. Bd4 Rb8 13. Be2 c5 14. Qa4+ Bd7 15. Nxd7 Qxd7 16. Qxd7+ Kxd7 17. Be5 Bd6 18. Bxd6 Kxd6 19. 0-0-0 Kc7 20. Bf3 Rhd8 21. Rhe1 Nf4 22. Kc2 Rxd1 23. Rxd1 Rd8 24. Rxd8 Kxd8 25. b4 cxb4 26. cxb4 Kc7 27. a4 f5 28. Kd2 e5 29. Ke3 Kd6 30. a5 Nd5+ 31. Bxd5 Kxd5 32. Kd3 e4+ 33. Kc3 f4 34. b5 Kc5 35. b6 axb6 36. axb6 Kxb6 37. Kd4 e3 38. fxe3 fxe3 39. Kxe3 Kc5 40. Ke4 Kd6 41. Kf5 Kd5 42. g4 Kd6 43. h4 Kd5 44. h5 Kd6 45. h6 gxh6 46. Kf6 Kd5 47. Kg7 Ke5 48. Kxh6 Kf4 49. Kh5 Kf3 50. g5 Kf4 51. Kh6 Kf5 52. Kxh7 Kxg5 1/2-1/2

[Event "Titled Tuesday intern op 06th Feb Late"]
[Site "Chess.com INT"]
[Date "2024.02.06"]
[Round "6"]
[White "Erigaisi, Arjun Kumar"]
[Black "Naroditsky, Daniel"]
[Result "0-1"]
[WhiteElo "2738"]
[BlackElo "2619"]
[PlyCount "60"]
[EventDate "2024.02.06"]
[EventType "swiss (blitz)"]
[EventRounds "11"]
[EventCountry "USA"]
[SourceTitle "CB07_2024"]
[SourceDate "2024.02.14"]
[SourceVersion "1"]
[SourceVersionDate "2024.02.14"]
[SourceQuality "1"]

1. c4 g6 2. g3 Bg7 3. Bg2 Nf6 4. Nc3 0-0 5. e4 c5 6. Nge2 Nc6 7. d3 d6 8. 0-0 a6 9. h3 Rb8 10. a4 Bd7 11. Be3 Na5 12. Qc2 b5 13. axb5 axb5 14. cxb5 Bxb5 15. Nxb5 Rxb5 16. d4 Nb3 17. Rad1 cxd4 18. Nxd4 Nxd4 19. Bxd4 Qb8 20. Rc1 Nd7 21. Bxg7 Kxg7 22. Qc7 Rd8 23. Qc3+ Kg8 24. Rc2 Rb3 25. Qd2 Ne5 26. Rfc1 Qb6 27. Kf1 Nd3 28. Rb1 Rb8 29. e5 Nxe5 30. Bd5 Rd3 0-1

[Event "Titled Tuesday intern op 19th Dec Early"]
[Site "Chess.com INT"]
[Date "2023.12.19"]
[Round "5"]
[White "Klimchuk, Andriy"]
[Black "Naroditsky, Daniel"]
[Result "0-1"]
[WhiteElo "2405"]
[BlackElo "2619"]
[PlyCount "90"]
[EventDate "2023.12.19"]
[EventType "swiss (blitz)"]
[EventRounds "11"]
[EventCountry "USA"]
[SourceTitle "CB52_2023"]
[SourceDate "2023.12.27"]
[SourceVersion "1"]
[SourceVersionDate "2023.12.27"]
[SourceQuality "1"]

1. e4 c5 2. Nf3 d6 3. d4 cxd4 4. Nxd4 Nf6 5. Nc3 a6 6. f4 e5 7. Nf3 Nbd7 8. Bd3 Be7 9. 0-0 Qc7 10. a4 b6 11. Nh4 g6 12. f5 Bb7 13. Qe1 Rg8 14. Kh1 g5 15. Nf3 g4 16. Nd2 g3 17. h3 Nc5 18. Nc4 Rc8 19. Bd2 Bc6 20. b4 Nxd3 21. cxd3 Qb7 22. b5 Bd7 23. Be3 d5 24. exd5 e4 25. Nxb6 Rc7 26. bxa6 Qxa6 27. Nb5 Rc2 28. d6 Bd8 29. Nc7+ Bxc7 30. dxc7 Rxc7 31. Bd4 Rc6 32. Bxf6 Rxf6 33. Qxe4+ Kd8 34. Qd4 Qxb6 35. Qh4 h6 36. Rfb1 Qd6 37. Rb8+ Bc8 38. Rc1 Kd7 39. Rb4 Rxf5 40. Rd4 Rd5 41. Rcc4 Bb7 42. Rb4 Bc6 43. Rxd5 Bxd5 44. Qd4 Re8 45. Rb1 Bxg2+ 0-1

[Event "Titled Tuesday intern op 19th Dec Early"]
[Site "Chess.com INT"]
[Date "2023.12.19"]
[Round "3"]
[White "Naroditsky, Daniel"]
[Black "Schmakel, Sam A"]
[Result "1-0"]
[WhiteElo "2619"]
[BlackElo "2457"]
[PlyCount "93"]
[EventDate "2023.12.19"]
[EventType "swiss (blitz)"]
[EventRounds "11"]
[EventCountry "USA"]
[SourceTitle "CB52_2023"]
[SourceDate "2023.12.27"]
[SourceVersion "1"]
[SourceVersionDate "2023.12.27"]
[SourceQuality "1"]

1. e4 c5 2. c3 d5 3. exd5 Nf6 4. Qa4+ Nbd7 5. Qb3 g6 6. Nf3 Bg7 7. Be2 0-0 8. 0-0 b6 9. c4 Bb7 10. Nc3 e6 11. dxe6 fxe6 12. d4 cxd4 13. Nxd4 Nc5 14. Qd1 Qe7 15. Be3 Rad8 16. Qc2 e5 17. Nb3 Ne6 18. Rad1 Nf4 19. Bxf4 exf4 20. Nd5 Nxd5 21. cxd5 Kh8 22. Bf3 Qf6 23. Rd2 Rd6 24. h3 Rc8 25. Qe4 Rcd8 26. Rfd1 h5 27. Qe2 Kh7 28. Be4 Kh6 29. Qf3 a5 30. Nd4 Bxd5 31. Bxd5 Rxd5 32. Nf5+ Qxf5 33. Rxd5 Rxd5 34. Qxd5 Qxd5 35. Rxd5 Bxb2 36. Rd6 b5 37. Rd5 b4 38. Rxa5 g5 39. Ra6+ Kg7 40. Kf1 g4 41. hxg4 hxg4 42. Ke2 Bc3 43. f3 gxf3+ 44. gxf3 Kf7 45. Kd3 Ke7 46. a4 Kd7 47. Kc4 1-0

[Event "Titled Tuesday intern op 19th Dec Early"]
[Site "Chess.com INT"]
[Date "2023.12.19"]
[Round "11"]
[White "Yaran, Siar"]
[Black "Naroditsky, Daniel"]
[Result "0-1"]
[WhiteElo "2272"]
[BlackElo "2619"]
[PlyCount "78"]
[EventDate "2023.12.19"]
[EventType "swiss (blitz)"]
[EventRounds "11"]
[EventCountry "USA"]
[SourceTitle "CB52_2023"]
[SourceDate "2023.12.27"]
[SourceVersion "1"]
[SourceVersionDate "2023.12.27"]
[SourceQuality "1"]

1. Nf3 Nf6 2. c4 g6 3. b3 Bg7 4. Bb2 0-0 5. g3 d6 6. Bg2 e5 7. 0-0 Re8 8. Nc3 c6 9. e4 Bg4 10. h3 Bxf3 11. Qxf3 Nbd7 12. Rad1 Nc5 13. d3 Nfd7 14. Ne2 Ne6 15. d4 exd4 16. Nxd4 Ng5 17. Qf4 c5 18. h4 Bxd4 19. Rxd4 Ne6 20. Qxd6 cxd4 21. f4 Ndc5 22. Qd5 Nd3 23. Ba1 Qxd5 24. cxd5 Nec5 25. e5 Nb4 26. Bxd4 b6 27. Rf2 Nxd5 28. Bxd5 Rad8 29. Bc6 Re6 30. Bxc5 Rxc6 31. Bd6 Rdc8 32. g4 Rc2 33. f5 Rxf2 34. Kxf2 Rc2+ 35. Ke3 Rxa2 36. Ke4 Rb2 37. e6 fxe6 38. fxe6 Rxb3 39. Kd5 Re3 0-1

[Event "Titled Tuesday intern op 24th Oct Late"]
[Site "Chess.com INT"]
[Date "2023.10.24"]
[Round "8"]
[White "Grischuk, Alexander"]
[Black "Naroditsky, Daniel"]
[Result "0-1"]
[WhiteElo "2732"]
[BlackElo "2619"]
[PlyCount "136"]
[EventDate "2023.10.24"]
[EventType "swiss (blitz)"]
[EventRounds "11"]
[EventCountry "USA"]
[SourceTitle "Mega2024 Update 01"]
[Source "Chessbase"]
[SourceDate "2023.11.12"]
[SourceVersion "1"]
[SourceVersionDate "2023.11.12"]
[SourceQuality "1"]

1. d4 Nf6 2. c4 g6 3. g3 Bg7 4. Bg2 0-0 5. Nc3 d6 6. Nf3 Nbd7 7. 0-0 e5 8. e4 c6 9. b3 exd4 10. Nxd4 Nc5 11. Be3 Ng4 12. Bf4 Ne5 13. Qd2 a5 14. Rab1 Re8 15. h3 a4 16. Be3 axb3 17. axb3 Ra3 18. Qc2 h5 19. Rfd1 Qe7 20. f4 Ned7 21. Bf2 Nf6 22. Re1 Ne6 23. Nde2 Nd7 24. Red1 h4 25. g4 g5 26. f5 Nc7 27. Qc1 Ra8 28. Be3 Bf6 29. Qd2 Kg7 30. Qxd6 Qxd6 31. Rxd6 Be5 32. Rd2 f6 33. Rc2 Ra3 34. Nd4 Na6 35. Nf3 Bc7 36. Bc1 Nb4 37. Rd2 Ra8 38. Na4 Ne5 39. Bb2 b5 40. cxb5 cxb5 41. Nc5 Nbc6 42. Nxe5 Nxe5 43. Nd3 Ra7 44. Nxe5 Bxe5 45. Bxe5 Rxe5 46. Rc1 Re8 47. Kf2 Kf8 48. Rc6 Rf7 49. Ke3 Bb7 50. Rb6 Kg7 51. Rxb5 Rfe7 52. Rb4 Bc6 53. Bf3 Re5 54. Rdd4 R8e7 55. Rbc4 Bb5 56. Rc3 Bf1 57. Rc2 Rb5 58. Kf2 Rxb3 59. Rcd2 Bxh3 60. Rd7 Kf8 61. Rxe7 Kxe7 62. Rc2 Bf1 63. Rc7+ Kd6 64. Rc1 Bb5 65. Rd1+ Ke5 66. Bg2 Kf4 67. Rd6 Rb2+ 68. Kg1 Kg3 0-1

[Event "Titled Tuesday intern op 24th Oct Late"]
[Site "Chess.com INT"]
[Date "2023.10.24"]
[Round "1"]
[White "Naroditsky, Daniel"]
[Black "Dogan, Ali Ekber"]
[Result "1-0"]
[WhiteElo "2619"]
[BlackElo "2182"]
[PlyCount "49"]
[EventDate "2023.10.24"]
[EventType "swiss (blitz)"]
[EventRounds "11"]
[EventCountry "USA"]
[SourceTitle "Mega2024 Update 01"]
[Source "Chessbase"]
[SourceDate "2023.11.12"]
[SourceVersion "1"]
[SourceVersionDate "2023.11.12"]
[SourceQuality "1"]

1. e4 e6 2. d4 d5 3. Nd2 Be7 4. Ngf3 Nf6 5. e5 Nfd7 6. Bd3 c5 7. c3 Nc6 8. 0-0 cxd4 9. cxd4 g5 10. Nb3 a5 11. a4 g4 12. Ne1 h5 13. f4 Qb6 14. Be3 f5 15. exf6 Bxf6 16. Kh1 g3 17. hxg3 h4 18. g4 h3 19. g5 hxg2+ 20. Kxg2 Bg7 21. Nf3 Qb4 22. Bb5 Ne7 23. Rc1 Nf5 24. Bf2 Nd6 25. Be1 1-0

[Event "Titled Tuesday intern op 24th Oct Late"]
[Site "Chess.com INT"]
[Date "2023.10.24"]
[Round "9"]
[White "Naroditsky, Daniel"]
[Black "Le, Quang Liem"]
[Result "0-1"]
[WhiteElo "2619"]
[BlackElo "2733"]
[PlyCount "80"]
[EventDate "2023.10.24"]
[EventType "swiss (blitz)"]
[EventRounds "11"]
[EventCountry "USA"]
[SourceTitle "Mega2024 Update 01"]
[Source "Chessbase"]
[SourceDate "2023.11.12"]
[SourceVersion "1"]
[SourceVersionDate "2023.11.12"]
[SourceQuality "1"]

1. b3 d5 2. Bb2 Bf5 3. Nf3 e6 4. d3 h6 5. Nbd2 Nf6 6. g3 Bh7 7. Bg2 a5 8. a3 a4 9. b4 c5 10. bxc5 Bxc5 11. 0-0 Nc6 12. c4 0-0 13. Ne5 Qe7 14. Ndf3 Bd6 15. Qc2 Rfc8 16. Nxc6 Rxc6 17. Ne5 Rb6 18. Bd4 Bc5 19. Bxc5 Qxc5 20. Rfb1 Rb3 21. Rxb3 axb3 22. Qb2 Rc8 23. Rc1 b5 24. Qxb3 dxc4 25. Qc3 Nd5 26. Bxd5 exd5 27. Nf3 Ra8 28. Qb4 Qxb4 29. axb4 cxd3 30. exd3 Bxd3 31. Nd4 Bc4 32. Kg2 Ra4 33. Rb1 Kf8 34. Kf3 Ke7 35. Kf4 g6 36. h4 Kd6 37. h5 g5+ 38. Ke3 Ra3+ 39. Kd2 Rd3+ 40. Kc2 Rxd4 0-1

[Event "Titled Tuesday intern op 24th Oct Late"]
[Site "Chess.com INT"]
[Date "2023.10.24"]
[Round "7"]
[White "Naroditsky, Daniel"]
[Black "Mikaelyan, Arman"]
[Result "1-0"]
[WhiteElo "2619"]
[BlackElo "2526"]
[PlyCount "31"]
[EventDate "2023.10.24"]
[EventType "swiss (blitz)"]
[EventRounds "11"]
[EventCountry "USA"]
[SourceTitle "Mega2024 Update 01"]
[Source "Chessbase"]
[SourceDate "2023.11.12"]
[SourceVersion "1"]
[SourceVersionDate "2023.11.12"]
[SourceQuality "1"]

1. e4 e5 2. Nf3 Nc6 3. Bb5 a6 4. Ba4 Nf6 5. Nc3 b5 6. Bb3 Bc5 7. Nd5 d6 8. c3 Bb7 9. d4 exd4 10. cxd4 Bb4+ 11. Nxb4 Nxb4 12. 0-0 Bxe4 13. Ng5 Bd5 14. Qe1+ Kd7 15. Qxb4 h6 16. Nxf7 1-0

[Event "Titled Tuesday intern op 26th Sep Early"]
[Site "Chess.com INT"]
[Date "2023.09.26"]
[Round "2"]
[White "Jia, Haoxiang"]
[Black "Naroditsky, Daniel"]
[Result "0-1"]
[WhiteElo "2331"]
[BlackElo "2619"]
[PlyCount "64"]
[EventDate "2023.09.26"]
[EventType "swiss (blitz)"]
[EventRounds "11"]
[EventCountry "USA"]
[SourceTitle "EXT 2024"]
[Source "ChessBase"]
[SourceDate "2023.10.10"]
[SourceVersion "1"]
[SourceVersionDate "2023.10.10"]
[SourceQuality "1"]

1. d4 Nf6 2. Bf4 c5 3. e3 cxd4 4. exd4 Qb6 5. Qc1 Qxd4 6. Nf3 Qb6 7. Nc3 d6 8. Bc4 e6 9. 0-0 Be7 10. a4 0-0 11. a5 Qc7 12. Bb3 a6 13. Rd1 Nc6 14. Qd2 Rd8 15. Be3 Nxa5 16. Rxa5 Qxa5 17. Nd5 Qxd2 18. Nxe7+ Kf8 19. Nxd2 Kxe7 20. Nc4 b5 21. Na5 Rd7 22. c4 Bb7 23. c5 Bd5 24. cxd6+ Kxd6 25. Bc2 Rc8 26. Bd3 Ke7 27. b4 Rdc7 28. Bc5+ Rxc5 29. bxc5 Rxc5 30. f3 Nd7 31. Kf2 Ne5 32. Ke3 Rc3 0-1

[Event "Titled Tuesday intern op 26th Sep Early"]
[Site "Chess.com INT"]
[Date "2023.09.26"]
[Round "7"]
[White "Naroditsky, Daniel"]
[Black "Bryakin, Mikhail"]
[Result "1-0"]
[WhiteElo "2619"]
[BlackElo "2481"]
[PlyCount "67"]
[EventDate "2023.09.26"]
[EventType "swiss (blitz)"]
[EventRounds "11"]
[EventCountry "USA"]
[SourceTitle "EXT 2024"]
[Source "ChessBase"]
[SourceDate "2023.10.10"]
[SourceVersion "1"]
[SourceVersionDate "2023.10.10"]
[SourceQuality "1"]

1. e4 c6 2. Nf3 d5 3. exd5 cxd5 4. d4 Nc6 5. Bb5 Bd7 6. c4 Nf6 7. cxd5 Qa5+ 8. Nc3 Nxd5 9. Qb3 e6 10. 0-0 Nxc3 11. bxc3 Be7 12. Bd3 Qc7 13. Re1 0-0 14. Bd2 Bf6 15. h4 h6 16. Bb1 h5 17. Qc2 g6 18. Ng5 e5 19. Nxf7 Rxf7 20. Qxg6+ Kf8 21. Qxh5 Bg7 22. Bg6 Re7 23. Re3 e4 24. Rxe4 Be8 25. Rf4+ Bf7 26. Rf3 Nd8 27. Bh6 Bxh6 28. Qxh6+ Ke8 29. Bf5 Ne6 30. Re1 Kd7 31. d5 Kd6 32. Bxe6 Bxe6 33. Rxe6+ Kc5 34. Qe3+ 1-0

[Event "Titled Tuesday intern op 26th Sep Late"]
[Site "Chess.com INT"]
[Date "2023.09.26"]
[Round "3"]
[White "Naroditsky, Daniel"]
[Black "Gonzalez Arredondo, Lazaro A"]
[Result "1-0"]
[WhiteElo "2619"]
[BlackElo "1973"]
[PlyCount "69"]
[EventDate "2023.09.26"]
[EventType "swiss (blitz)"]
[EventRounds "11"]
[EventCountry "USA"]
[SourceTitle "EXT 2024"]
[Source "ChessBase"]
[SourceDate "2023.10.10"]
[SourceVersion "1"]
[SourceVersionDate "2023.10.10"]
[SourceQuality "1"]

1. e4 e6 2. d4 d5 3. Nd2 Nf6 4. e5 Nfd7 5. Bd3 c5 6. c3 Nc6 7. Ngf3 cxd4 8. cxd4 f6 9. exf6 Nxf6 10. 0-0 Bd6 11. Re1 0-0 12. Nf1 Bd7 13. Ng3 Qb6 14. a3 Kh8 15. Bc2 Ne7 16. b3 Rac8 17. Bb2 Bf4 18. a4 a5 19. Qd3 Be8 20. Qd1 Bg6 21. Bxg6 Nxg6 22. Ba3 Rfe8 23. Qd3 Bxg3 24. hxg3 Ne4 25. Rac1 Kg8 26. Qe3 Qa6 27. Nd2 Rxc1 28. Rxc1 Nxd2 29. Qxd2 b5 30. Qe2 Rc8 31. Rxc8+ Qxc8 32. axb5 Nf8 33. b6 Kf7 34. Qf3+ Kg8 35. Qxf8+ 1-0

[Event "Titled Tuesday intern op 26th Sep Late"]
[Site "Chess.com INT"]
[Date "2023.09.26"]
[Round "6"]
[White "Naroditsky, Daniel"]
[Black "Kamsky, Gata"]
[Result "1/2-1/2"]
[WhiteElo "2619"]
[BlackElo "2641"]
[PlyCount "66"]
[EventDate "2023.09.26"]
[EventType "swiss (blitz)"]
[EventRounds "11"]
[EventCountry "USA"]
[SourceTitle "EXT 2024"]
[Source "ChessBase"]
[SourceDate "2023.10.10"]
[SourceVersion "1"]
[SourceVersionDate "2023.10.10"]
[SourceQuality "1"]

1. e4 c5 2. Nf3 e6 3. d4 cxd4 4. Nxd4 a6 5. Bd3 Bc5 6. Nb3 Ba7 7. Qe2 d6 8. Nc3 Ne7 9. Be3 b5 10. 0-0 e5 11. Bxa7 Rxa7 12. f4 exf4 13. e5 Nbc6 14. exd6 Qxd6 15. Rad1 Qe5 16. Qf2 0-0 17. Rde1 Qg5 18. Ne4 Qh6 19. Qxf4 Qxf4 20. Rxf4 Nd5 21. Rff1 Ndb4 22. Nbc5 Nxd3 23. Nxd3 a5 24. Nd6 b4 25. Nc5 Rc7 26. Nb5 Re7 27. Rxe7 Nxe7 28. Re1 Nc6 29. Nd6 g6 30. c3 bxc3 31. bxc3 Rd8 32. Nxc8 Rxc8 33. Ne4 Rd8 1/2-1/2

[Event "Titled Tuesday intern op 26th Sep Early"]
[Site "Chess.com INT"]
[Date "2023.09.26"]
[Round "10"]
[White "Vokhidov, Shamsiddin"]
[Black "Naroditsky, Daniel"]
[Result "1/2-1/2"]
[WhiteElo "2578"]
[BlackElo "2619"]
[PlyCount "28"]
[EventDate "2023.09.26"]
[EventType "swiss (blitz)"]
[EventRounds "11"]
[EventCountry "USA"]
[SourceTitle "EXT 2024"]
[Source "ChessBase"]
[SourceDate "2023.10.10"]
[SourceVersion "1"]
[SourceVersionDate "2023.10.10"]
[SourceQuality "1"]

1. e4 d6 2. d4 Nc6 3. Nc3 Nf6 4. d5 Nb8 5. Nf3 g6 6. h3 Bg7 7. Be2 0-0 8. 0-0 c6 9. a4 a5 10. Re1 Qc7 11. Bf4 Nbd7 12. Qd2 Re8 13. Bf1 Nh5 14. Bh6 Bh8 1/2-1/2

[Event "Titled Tuesday intern op 12th Sep Late"]
[Site "Chess.com INT"]
[Date "2023.09.12"]
[Round "8"]
[White "Kovalev, Vladislav"]
[Black "Naroditsky, Daniel"]
[Result "1/2-1/2"]
[WhiteElo "2582"]
[BlackElo "2619"]
[PlyCount "102"]
[EventDate "2023.09.12"]
[EventType "swiss (blitz)"]
[EventRounds "11"]
[EventCountry "USA"]
[SourceTitle "EXT 2024"]
[Source "ChessBase"]
[SourceDate "2023.10.10"]
[SourceVersion "1"]
[SourceVersionDate "2023.10.10"]
[SourceQuality "1"]

1. e4 c5 2. Nf3 d6 3. Bb5+ Nd7 4. 0-0 a6 5. Bd3 Ngf6 6. c3 b5 7. a4 c4 8. Be2 Bb7 9. axb5 axb5 10. Rxa8 Bxa8 11. Na3 Bxe4 12. Nxb5 d5 13. d3 cxd3 14. Bxd3 Bxd3 15. Qxd3 e5 16. Re1 e4 17. Nfd4 Bc5 18. Qg3 0-0 19. Nf5 g6 20. Nbd4 Kh8 21. Bh6 Rg8 22. Ne3 Qb8 23. Bf4 Qxb2 24. Be5 Re8 25. Ng4 Rxe5 26. Nxe5 Bxd4 27. cxd4 Kg7 28. Nxd7 Nxd7 29. Qd6 Nf6 30. Qe5 h5 31. h3 Qd2 32. Ra1 g5 33. Ra6 Qe1+ 34. Kh2 Qxf2 35. Rd6 Qf4+ 36. Qxf4 gxf4 37. Kg1 Kg6 38. Kf2 Kf5 39. Ke2 h4 40. Kf2 Kg5 41. Ke2 Kf5 42. Kf2 e3+ 43. Kf3 Kg5 44. Ke2 Kf5 45. Kf3 Kg5 46. Ke2 Kg6 47. Kf3 Kf5 48. Rd8 Kg5 49. Rd6 Kf5 50. Ke2 Kg5 51. Kf3 Kf5 1/2-1/2

[Event "Titled Tuesday intern op 12th Sep Late"]
[Site "Chess.com INT"]
[Date "2023.09.12"]
[Round "4"]
[White "Naroditsky, Daniel"]
[Black "Chigaev, Maksim"]
[Result "1-0"]
[WhiteElo "2619"]
[BlackElo "2615"]
[PlyCount "63"]
[EventDate "2023.09.12"]
[EventType "swiss (blitz)"]
[EventRounds "11"]
[EventCountry "USA"]
[SourceTitle "EXT 2024"]
[Source "ChessBase"]
[SourceDate "2023.10.10"]
[SourceVersion "1"]
[SourceVersionDate "2023.10.10"]
[SourceQuality "1"]

1. e4 e5 2. Nf3 Nc6 3. Nc3 Nf6 4. g3 Bc5 5. Bg2 0-0 6. d3 a5 7. 0-0 d6 8. h3 a4 9. a3 h6 10. Be3 Nd4 11. Bxd4 Bxd4 12. Nxd4 exd4 13. Ne2 c5 14. Qd2 Qb6 15. g4 Re8 16. f4 c4 17. Kh1 cxd3 18. cxd3 Ra5 19. Nxd4 Bxg4 20. hxg4 Nxg4 21. Nf5 Rxf5 22. exf5 Qd8 23. Rf3 Qh4+ 24. Kg1 d5 25. Rh3 Qf6 26. d4 Qxf5 27. Re1 Rxe1+ 28. Qxe1 Qxf4 29. Qc3 g6 30. Rf3 Qh2+ 31. Kf1 Qd6 32. Qc8+ 1-0

[Event "Titled Tuesday intern op 12th Sep Late"]
[Site "Chess.com INT"]
[Date "2023.09.12"]
[Round "2"]
[White "Naroditsky, Daniel"]
[Black "Yen, William"]
[Result "1-0"]
[WhiteElo "2619"]
[BlackElo "2056"]
[PlyCount "45"]
[EventDate "2023.09.12"]
[EventType "swiss (blitz)"]
[EventRounds "11"]
[EventCountry "USA"]
[SourceTitle "EXT 2024"]
[Source "ChessBase"]
[SourceDate "2023.10.10"]
[SourceVersion "1"]
[SourceVersionDate "2023.10.10"]
[SourceQuality "1"]

1. d4 Nf6 2. Nc3 g6 3. e4 d5 4. e5 Ne4 5. Nce2 f6 6. Nf3 c5 7. Nf4 Nc6 8. dxc5 e6 9. exf6 Qxf6 10. Bd3 Bxc5 11. 0-0 0-0 12. c4 Nxf2 13. Rxf2 Bxf2+ 14. Kxf2 e5 15. Nxd5 Qh4+ 16. Kg1 Qh5 17. Be4 Bg4 18. Be3 Nd4 19. Bxd4 exd4 20. Qxd4 Rae8 21. Nf6+ Rxf6 22. Qxf6 Rxe4 23. Ng5 1-0